| 000 | 01022cam a2200325 i 4500 | ||
|---|---|---|---|
| 001 | 155655 | ||
| 003 | EG-ScBUE | ||
| 005 | 20230523103505.0 | ||
| 008 | 801230s1977 ru f b 00000 eng d | ||
| 035 | _a(OCoLC)ocn687678991 | ||
| 035 | _a(CStRLIN)CTYG3561714-B | ||
| 035 | _a155655 | ||
| 040 |
_aMnDuU _beng _erda _cMnDuU _dCtY _dEG-ScBUE |
||
| 041 | 1 |
_aeng _hrus |
|
| 082 | 0 | 4 |
_222 _a530.1076 _bPRO |
| 245 | 0 | 0 |
_aProblems in theoretical physics / _cby L. G. Grechko [and three others] ; translated from the Russian by Eugene Yankovsky. |
| 264 | 1 |
_aMoscow : _bMir Publishers, _c1977. |
|
| 300 |
_a447 pages ; _c21 cm |
||
| 336 |
_2rdacontent _atext _btxt |
||
| 337 |
_2rdamedia _aunmediated _bn |
||
| 338 |
_2rdacarrier _avolume _bnc |
||
| 504 | _aIncludes bibliographical references. | ||
| 650 | 7 |
_aPhysics _vProblems, exercises, etc. _2BUEsh |
|
| 653 | _bGGEN | ||
| 655 | _vReading book | ||
| 700 | 1 |
_aGrechko, L. G., _eauthor. |
|
| 700 | 1 |
_aYankovsky, Eugene, _etranslator. |
|
| 942 |
_2ddc _cBB |
||
| 948 | _aOCLC | ||
| 999 |
_c30439 _d30410 |
||